Mort subite Capitales d'Asie - Statistiques

Statistiques générales
  • Ce quiz a été pris 241 fois
  • Le résultat moyen est 6 sur 10
Answers on the Grid
Answers color-coded by a green-red scale on the quiz's grid according to % correct below.
Banjul
Dacca
Accra
Tbilissi
Zagreb
Asmara
Amman
Quito
Astana
Tirana
Beyrouth
Dili
Bogota
Katmandou
Damas
Rabat
Douchanbé
Bangkok
Djibouti
Tallinn
 
Statistiques - réponses
Réponse % Correct
Capitale de la Thaïlande Bangkok
85%
Capitale du Liban Beyrouth
78%
Capitale de Syrie Damas
67%
Capitale du Népal Katmandou
66%
Capitale du Kazakhstan Astana
60%
Capitale du Bangladesh Dacca
60%
Capitale de la Jordanie Amman
59%
Capitale de la Géorgie Tbilissi
59%
Capitale du Tadjikistan Douchanbé
41%
Capitale du Timor Orientale Dili
40%
Aucun quiz correspondant
Distribution des résultats
% des personnes avec chaque résultat
Percentile par nombre de réponses
Votre historique - résultats
Vous n’avez pas pris ce quiz